The Transcendental Non-Dualism of Trika Saivism/ (Record no. 187588)

MARC details
000 -LEADER
fixed length control field 00578nam a22001817a 4500
005 - DATE AND TIME OF LATEST TRANSACTION
control field 20220425122001.0
010 ## - LCCN (DPL NO)
LC control number ENG-132385
020 ## - INTERNATIONAL STANDARD BOOK NUMBER
International Standard Book Number 9788121512695
Terms of availability 795.00
035 ## - SYSTEM CONTROL NUMBER
System control number EN-115917
037 ## - SOURCE OF ACQUISITION
Source of stock number/acquisition DBAD/PUB
082 ## - DEWEY DECIMAL CLASSIFICATION NUMBER
Classification number 233
100 ## - MAIN ENTRY--PERSONAL NAME
Personal name Pandit, Moti Lal
245 ## - TITLE STATEMENT
Title The Transcendental Non-Dualism of Trika Saivism/
Statement of responsibility, etc Moti Lal Pandit
260 ## - PUBLICATION, DISTRIBUTION, ETC. (IMPRINT)
Place of publication, distribution, etc New Delhi
Name of publisher, distributor, etc Munshiram Manoharlal Publishers Pvt Ltd
Date of publication, distribution, etc 2015
270 ## - ADDRESS
City New Delhi
Address PO Box 5715, 54 Rani Jhansi Road
Postal code 110055
300 ## - PHYSICAL DESCRIPTION
Extent vii, 268p.
Other physical details Index
Dimensions 22cm(hbk)
942 ## - ADDED ENTRY ELEMENTS (KOHA)
Source of classification or shelving scheme Dewey Decimal Classification
Item type English Books
Classification part 233
Call number suffix PAN
Holdings
Withdrawn status Lost status Not for loan Collection code Home library Current library Date acquired Source of acquisition Cost, normal purchase price Full call number Barcode Copy number Cost, replacement price Koha item type
      Non-fiction Bawana Bawana 25/04/2022 DBAD/PUB 795.00 233 PAN EN-115917 1 795.00 English Books

© Delhi Public Library
Hit Counter
free hit counter